000 00592nam a2200241 a 4500
001 nice12345678
003 IN_TiNIC
005 20260116011508.0
008 050524s1963 lona grp 000 0 eng
020 _a
_c0
082 0 0 _a954.0317
_bCOL
100 _aCollier, Richard
245 _aSound of Fury
_b an Account of the Indian Mutiny
260 _aLondon
_bCollins
_c1963
300 _a384p
500 _aincludes index and biblioraphy
505 2 _aIll, Index
650 _aMutiny-India-1857
700 1 _aCollier, Richard
902 _bSRS
942 _cBK
999 _c2035
_d2035